Online
Catalog

La bomba y sus hombres / (Record no. 24381)

MARC details
000 -CABECERA
campo de control de longitud fija 00861nam a2200265 a 4500
001 - NÚMERO DE CONTROL
campo de control 000024888
005 - FECHA Y HORA DE LA ÚLTIMA TRANSACCIÓN
campo de control 20200930023429.0
008 - DATOS DE LONGITUD FIJA--INFORMACIÓN GENERAL
campo de control de longitud fija 100712s1997 mx ab 000 | spa d
020 ## - NÚMERO INTERNACIONAL ESTÁNDAR DEL LIBRO
Número Internacional Estándar del Libro 9686849173
020 ## - NÚMERO INTERNACIONAL ESTÁNDAR DEL LIBRO
Número Internacional Estándar del Libro 9789686849172
040 ## - FUENTE DE LA CATALOGACIÓN
Centro catalogador/agencia de origen DO-SdBNP
Lengua de catalogación spa
Centro/agencia transcriptor BNPHU
082 ## - NÚMERO DE LA CLASIFICACIÓN DECIMAL DEWEY
Número de clasificación 539.7
Número de documento/Ítem G216b
100 1# - ENTRADA PRINCIPAL--NOMBRE DE PERSONA
Nombre de persona García Fernández, Horacio
9 (RLIN) 51080
245 13 - MENCIÓN DE TÍTULO
Título La bomba y sus hombres /
Mención de responsabilidad, etc. Horacio García Fernández.
260 ## - PUBLICACIÓN, DISTRIBUCIÓN, ETC.
Lugar de publicación, distribución, etc. México, D. F. :
Nombre del editor, distribuidor, etc. ADN Editores,
Fecha de publicación, distribución, etc. 1997.
300 ## - DESCRIPCIÓN FÍSICA
Extensión 151 p. :
Otras características físicas il. , maps ;
Dimensiones 21 cm.
490 1# - MENCIÓN DE SERIE
Mención de serie Viaje al Centro de la Ciencia
Designación de volumen o secuencia 9.
504 ## - NOTA DE BIBLIOGRAFÍA, ETC.
Nota de bibliografía, etc. Bibliografías : p. 149-151
650 #4 - PUNTO DE ACCESO ADICIONAL DE MATERIA--TÉRMINO DE MATERIA
Término de materia o nombre geográfico como elemento de entrada Física nuclear
9 (RLIN) 48024
650 #4 - PUNTO DE ACCESO ADICIONAL DE MATERIA--TÉRMINO DE MATERIA
Término de materia o nombre geográfico como elemento de entrada Química nuclear
9 (RLIN) 51081
650 #4 - PUNTO DE ACCESO ADICIONAL DE MATERIA--TÉRMINO DE MATERIA
Término de materia o nombre geográfico como elemento de entrada Física atómica
9 (RLIN) 51082
650 #4 - PUNTO DE ACCESO ADICIONAL DE MATERIA--TÉRMINO DE MATERIA
Término de materia o nombre geográfico como elemento de entrada Estructura nuclear
9 (RLIN) 51083
650 #4 - PUNTO DE ACCESO ADICIONAL DE MATERIA--TÉRMINO DE MATERIA
Término de materia o nombre geográfico como elemento de entrada Reactores nucleares
9 (RLIN) 51084
830 #0 - PUNTO DE ACCESO ADICIONAL DE SERIE-TÍTULO UNIFORME
Título uniforme Viaje al Centro de la Ciencia ;
Número de parte o sección de la obra 9
9 (RLIN) 51085
Holdings
Estado de retiro Estado de pérdida Restricciones de uso No para préstamo Código de colección Localización permanente Ubicación/localización actual Ubicación en estantería Fecha de adquisición Número de inventario Total de préstamos Signatura topográfica completa Código de barras Fecha visto por última vez Precio válido a partir de Tipo de ítem Koha Número de copia
      Excluido de préstamo Monografías: Libros y Folletos General General Depósito 07.02.2011 LF1   539.7 G216b 24888-10 25.06.2020 25.06.2020 No se presta  
  Extraviado   Excluido de préstamo Monografías: Libros y Folletos General General Extraviado 19.05.2017 LF1   539.7 G216b 24888-20 25.06.2020 25.06.2020 No se presta e. 2

Powered by Koha